| 000 | 00575nam a2200181Ia 4500 | ||
|---|---|---|---|
| 008 | 100920s9999 xx 000 0 und d | ||
| 082 |
_b97335 _a891.464 न 06 |
||
| 100 | _aमीरा. | ||
| 245 | _aझेन अथांगसागर. | ||
| 260 |
_bपारस पब्लिकेशन,कोल्हापूर. _c2006 |
||
| 300 |
_a96 _bसाधी |
||
| 365 | _b100 | ||
| 520 | _aनिबंध. | ||
| 630 | _aझेन अथांगसागर. | ||
| 650 | _aनिबंध. | ||
| 730 | _aझेन अथांगसागर. | ||
| 942 | _cBOOK | ||
| 999 |
_c737774 _d737771 |
||